Представление документа в формате MARC21

Поле Инд. ПП Название Значение
Тип записи a
Библиографический уровень b
001 Контрольный номер RU/IS/BASE/130351333
005 Дата корректировки 20200522190722.3
084 a Индекс другой классификации/Индекс ББК 65.051.11(2Рос)
100 1_ a Автор Бессонов В. А.
245 a Заглавие Об изменении динамики российского промышленного производства переходного периода
500 a Примечание См. также коммент. к ст. Бессонова В. А. на с. 587-588: "Управление статистики предприятий и структурных обследований Госкомстата России"
504 a Библиография Библиогр. в конце ст. - Примеч.
650 a Основная рубрика экономика
a Основная рубрика экономическая статистика
653 a Ключевые слова временные ряды
a Ключевые слова государственная статистика
a Ключевые слова динамика временных рядов
a Ключевые слова динамика производства
a Ключевые слова индекс промышленного производства
a Ключевые слова методология экономической статистики
a Ключевые слова переходный период
a Ключевые слова промышленное производство
a Ключевые слова Россия
a Ключевые слова статистика
a Ключевые слова статистика промышленности
a Ключевые слова циклы промышленного производства
a Ключевые слова экономическое развитие
773 t Заглавие источника Экономический журнал ВШЭ
d Дата издания источника 2001
g Прочая информация Т. 5, № 4. - С. 564 - 588
w Контрольный № источника RU/IS/BASE/140886027
901 t Тип документа b